| 000 -ლიდერი |
| ფიქსირებული სიგრძის საკონტროლო ველი |
01403nam a2200265Ia 4500 |
| 001 - საკონტროლო ნომერი |
| საკონტროლო ველი |
12245 |
| 003 - საკონტროლო ნომრის იდენტიფიკატორი |
| საკონტროლო ველი |
GE_BSU |
| 005 - ბოლო ოპერაციის თარიღი და დრო |
| საკონტროლო ველი |
20220530130155.0 |
| 008 - ფიქსირებული სიგრძის მონაცემთა ელემენტები - ზოგადი ინფორმაცია |
| ფიქსირებული სიგრძის საკონტროლო ველი |
181216s2014||||ge |||||||||||||| ||geo|| |
| 020 ## - წიგნის საერთაშორისო სტანდარტული ნომერი |
| International Standard Book Number |
9789941223525 |
| 040 ## - კატალოგიზაციის წყარო |
| Transcribing agency |
GE_BSU |
| 041 ## - ენის კოდი |
| Language code of text/sound track or separate title |
geo |
| 080 ## - უნივერსალური ათობითი კლასიფიკაციის ინდექსი |
| Universal Decimal Classification number |
94(560)+338(560)+327(560) მ-26 |
| 100 ## - მთავარი ჩანაწერი - პიროვნების სახელი |
| Personal name |
მანჩხაშვილი, მაია |
| 9 (RLIN) |
13885 |
| 245 ## - ცნობა სათაურის შესახებ |
| Title |
თურქეთი XX საუკუნის ბოლოსა და XXI საუკუნის დამდეგს : |
| Remainder of title |
[დამხმ. სახელმძღვ.] / |
| Statement of responsibility, etc |
მაია მანჩხაშვილი ; რედ.: ზურაბ დავითაშვილი, რევაზ გაჩეჩილაძე. |
| 264 ## - წარმოების, გამოცემის, დისტრიბუციის და სხვა ცნობები |
| გამოცემის, წარმოების, დისტრიბუციის... ადგილი |
თბილისი : |
| გამოცემის, წარმოების, დისტრიბუციის... სახელწოდება |
უნივერსალი, |
| გამოცემის, წარმოების, დისტრიბუციის... თარიღი |
2014. |
| 300 ## - ფიზიკური აღწერა |
| Extent |
162 გვ. ; |
| Other physical details |
20 სმ. |
| 504 ## - BIBLIOGRAPHY, ETC. NOTE |
| Bibliography, etc |
ბიბლიოგრ. ტექსტის შენიშვნებში და გვ. 155-162. |
| 520 ## - SUMMARY, ETC. |
| Summary, etc |
რეზ. თურქ. და ინგლ. |
| 653 ## - INDEX TERM--UNCONTROLLED |
| Uncontrolled term |
თურქეთის ისტორია |
| 653 ## - INDEX TERM--UNCONTROLLED |
| Uncontrolled term |
თურქეთის ეკონომიკა |
| 700 ## - ADDED ENTRY--PERSONAL NAME |
| Personal name |
დავითაშვილი, ზ. (ზურაბ) |
| Relator term |
რედაქტორი |
| 9 (RLIN) |
13887 |
| 700 ## - ADDED ENTRY--PERSONAL NAME |
| Personal name |
გაჩეჩილაძე, რ. (რევაზ) |
| Relator term |
რედაქტორი |
| 9 (RLIN) |
13888 |
| 942 ## - ADDED ENTRY ELEMENTS (KOHA) |
| Koha item type |
წიგნი |
| Source of classification or shelving scheme |
|